01902nam a2200361 i 4500001001000000003000900010005001700019007000300036008004100039040003000080082002500110100005200135245012700187264004800314300002700362336002700389337003300416338002800449504003900477590002700516650006400543650001300607651005400620651004200674910004100716942001400757952014900771952013700920952014301057952012901200952019401329999001701523000022590DO-SdBNP20260415174539.0ta100203s1981 dr 000 0 spa d aDO-SdBNPbspacBNPHUerda 4a320.97293bF825h2221 aFranco, Franklin J.,d1936-934417eautor4aut.10aHistoria de las ideas políticas en la República Dominicana :bcontribución a su estudio /cFranklin Franco Pichardo. aSanto Domingo :bEditora Nacional,c[1981]. a305 paginas ;c21 cm. atextobtxt2rdacontent asin mediaciónbn2rdamedia avolumenbnc2rdacarrier aBibliografía : páginas 304-309 aInventariado, 2018/ YL 4aCiencia políticazRepública DominicanaxHistoria934443 0a 912155 0aRepública DominicanaxPolítica y gobierno945 4aRepública DominicanaxHistoria9170 aValidado. Control de calidad MMOLINA 2ddccLBS1 00102ddc56708DSaBNPHUbBNPHUcCTd2011-01-14l0oBNPHU DS 320.97293 F825hp22590-30r2020-06-25te. 3w2020-06-25yLBS1ZPréstamo en sala 00102ddc51708PDaBNPHUbBNPHUcCTd2010-10-13l0oBNPHU PD 320.97293 F825hp22590-10r2020-06-25w2020-06-25yLBS1ZNo se presta 00102ddc51708PDaBNPHUbBNPHUcCTd2011-01-14l0oBNPHU PD 320.97293 F825hp22590-20r2020-06-25te. 2w2020-06-25yLBS1ZNo se presta 00102ddc56708DSaBNPHUbBNPHUcCTd2023-05-23l0oBNPHU DS 320.97293 F825hp2023-2021r2023-05-23te.4w2023-05-23yLBS1 00102ddc56708DSaBNPHUbBNPHUcCTd2024-09-11l0oBNPHU DS 320.97293 F825hp2024-5311r2024-09-11te.5w2024-09-11yLBS1zPerteneció a la biblioteca personal de Emilio Cordero Michel. c22087d22087